00300nam a2200097Ia 4500008004100000082001200041100003500053245007600088260000900164300002900173190415s9999 xx 000 0 und d aRE.0008 aMadras Institute of Developmen 0aEducational problems of scheduled castes and tribes in Tamil Nadu, 1973 c1974 a2V. 130+appen, 128+appen